00302nam a2200109 a 450000500170000000800410001705000180005810000160007624500320009226000370012444000310016120140414131915.0100902s19uu xx 00 eng d aFICbM36 1993 aMartin, Ann aKaren's pizza party :b#42. aNew York :bScholastic ,c1993. aBaby-sitters little sister